Normal view
MARC view
Entry Topical Term
001 - CONTROL NUMBER
- control field: 30112
003 - CONTROL NUMBER IDENTIFIER
- control field: ARRUPE
005 - DATE AND TIME OF LATEST TRANSACTION
- control field: 20170428100421.0
008 - FIXED-LENGTH DATA ELEMENTS
- fixed length control field: 170428|| aca||aabn | a|a d
040 ## - CATALOGING SOURCE
- Original cataloging agency: ARRUPE
- Transcribing agency: ARRUPE
150 ## - HEADING--TOPICAL TERM
- Topical term or geographic name as entry element: 1;Zambia
- General subdivision: Politics
- Chronological subdivision: 1964-1991
670 ## - SOURCE DATA FOUND
- Source citation: Work cat.: (ARRUPE)32287: Wright, Michael 30110, Zambia, 1972